000 00826nam a22002417a 4500
005 20121008111514.0
008 121008t xxu||||| |||| 00| 0 eng d
010 _aENG-106030
020 _a9788120346338
_c550.00
035 _aEN-89563
037 _bDBAD / PUB
040 _aDPL
_bEng
082 _a537
100 _aPramanik, Ashutosh
_952937
245 _aElectromagnetism:
_cby Ashutosh Pramanik
_bproblems with solutions /
250 _a3rd ed
260 _aNew Delhi
_bPHI Learning
_c2012
270 _aM-97, Connaught Circus,
_bNew Delhi
_e110001
300 _axiv,906p. :
_c25cm(pbk)
_bill.
500 _aIncludes bibliographical references
942 _cEN
_h537
_2ddc
_mPRA
999 _c70613
_d70613